000 00613nam a2200205Ia 4500
001 5261
003 GE_BSU
008 181216s||||||||xx |||||||||||||| ||und||
040 _cGE_BSU
080 _a519.21
100 _aБиллингслей,П.
245 _aЭргодическая теория и информация
245 _cПер.с англ.Н.Л. Светловой. Под ред. Б.М Гуревича
260 _aМосква
260 _bМир
260 _c1959;
300 _a236с.22см.
653 _aЭргодическая теория и информация
942 _cBK
999 _c38851
_d38851